| 000 | 00738nam a2200205 a 4500 | ||
|---|---|---|---|
| 005 | 20230624064020.0 | ||
| 008 | 991125s2000 mx 000 0 spa u | ||
| 020 | _a9685341028 | ||
| 035 | _aUPN01000002495 | ||
| 049 | _aCG | ||
| 050 | 4 |
_aHQ10 _bC7.2 |
|
| 110 | 2 | _aCentro de Cooperación Regional para la Educación de Adultos en América Latina y el Caribe (México) | |
| 245 | 1 | 3 |
_aEl amor en la familia / _cCentro de Cooperación Regional para la Educación de Adultos en América Latina y el Caribe. |
| 260 |
_aPátzcuaro, Mich. : _bCREFAL, _c2000. |
||
| 300 |
_a84 p. : _bil |
||
| 440 | 4 | _aLos libros de mamá y papá | |
| 650 | 4 |
_aRelaciones interpersonales _91551 |
|
| 650 | 4 |
_aVIDA FAMILIAR - _xEDUCACION _915116 |
|
| 905 | _aLibro | ||
| 999 |
_c2495 _d2495 |
||